99% Impossible - Statistics

General Stats
  • This quiz has been taken 11 times
  • The average score is 3 of 6
Answer Stats
Hint Answer % Correct
M Michael Jackson
88%
M Michael Jordan
63%
E Elon Musk
38%
O Ozzy Osbourne
38%
J Jay Leno
13%
M Mike Myers
13%
No matching quizzes found
Score Distribution
Percent of People with Each Score
Percentile by Number Answered
Your Score History
You have not taken this quiz